Państwa bałkańskie wobec kwestii macedońskiej w latach 1878-1918

Bibliographic Details
Main Author: Giza, Antoni, 1947-2005 (Author)
Format: Book
Language:Polish
PhysicalDescription:205 s., 2 mp. na príl. 24 cm
Published: Szczecin Uniwersytet Szczeciński 1998
ISBN:8387341754
ISSN:0860-2751
Series:Rozprawy i studia t. (361) 287
Subjects:

MARC

LEADER 00000cam a2200000 a 4500
001 vtls001393139
003 SK-MaSNL
005 20260301161647.0
008 251113s1998 pl abc fr 00000 pol
020 |a 8387341754 
035 |a SNK000347448 
040 |a SNK  |b slo  |c SNK  |e AACR2 
041 0 |a pol 
044 |a pl  |c PL 
080 |a 949"1878/1918"  |2 1981 
080 |a 323(497=866)"1878/1918"  |2 1981 
100 1 |a Giza, Antoni,  |d 1947-2005  |4 aut  |9 117317 
245 1 0 |a Państwa bałkańskie wobec kwestii macedońskiej w latach 1878-1918  |c Antoni Giza 
260 |a Szczecin  |b Uniwersytet Szczeciński  |c 1998 
300 |a 205 s., 2 mp. na príl.  |c 24 cm 
490 1 |a Rozprawy i studia  |x 0860-2751  |v t. (361) 287 
650 0 7 |a balkánske krajiny  |z Macedónsko  |x vzťahy politicko-kultúrne  |y 1878-1918  |2 SNK  |9 524995 
655 7 |a štúdie  |2 SNKPH  |9 57033 
810 2 |a Uniwersytet Szczeciński  |t Rozprawy i studia  |9 524996 
919 |a 83-87341-75-4 
958 |a PL 
999 |c 810342  |d 812272 
952 |t P60, <04>, [BOOK], {604}  |a SNK  |b SNK  |y VYP  |7 0  |p 17A0244736  |o snkIC 128740  |i snkV 1301/2000  |0 0  |1 0  |4 0  |d 2000-08-17  |l 0  |r 2005-01-02 00:00:00  |w 2026-02-24